02236cam a22003617i 450000100090000000300040000900500170001300800410003001000170007101500190008801600180010702000290012502000190015403500240017304000660019704200140026305000210027708200220029810000590032024500450037925000200042426400700044430000540051433600260056833600280059433700280062233800270065052010500067765000280172765000380175565500460179377600350183916129837OSt20221109121125.0100308t20192019maua b 001 0 eng d a 2010009204 aGBB9G99392bnb7 a0195748382Uk a9780128126288qpaperback a97801237438600 a(OCoLC)on1124288898 aUKMGBbengcUKMGBerdadOCLCOdOCLCFdBOHdYDXdTXIdMUUdDLC alccopycat00aQK95b.S566 201904a580.12223bSIM/P1 aSimpson, Michael G.q(Michael George),d1953-eauthor.10aPlant systematics /cMichael G. Simpson. aSecond edition. 1aBurlington, MA :bAcademic Press, an imprint of Elsevier,c[2010] a740 pages :billustrations (some color) ;c28 cm. atextbtxt2rdacontent astill image2rdacontent aunmediatedbn2rdamedia avolumebnc2rdacarrier aPlant Systematics, Third Edition, has made substantial contributions to plant systematics courses at the upper-undergraduate and first year graduate level, with the first edition winning The New York Botanical Garden's Henry Allan Gleason Award for outstanding recent publication in plant taxonomy, plant ecology or plant geography. This third edition continues to provide the basis for teaching an introduction to the morphology, evolution and classification of land plants. A foundation of the approach, methods, research goals, evidence and terminology of plant systematics are presented, along with the most recent knowledge of evolutionary relationships of plants and practical information vital to the field. In this new edition, the author includes greatly expanded treatments on families of flowering plants, as well as tropical trees (all with full-color plates), and an updated explanation of maximum likelihood and Bayesian inference algorithms. Chapters on morphology and plant nomenclature have also been enhanced with new material. 0aPlantsvClassification. 7aPlants.2fast0(OCoLC)fst01065823 7aClassification.2fast0(OCoLC)fst0169707308iebook version :z9780128126295